000 00362nam a22001697a 4500
003 UA-OsUOA
001 2702
007 ta
008 20050721b un ||||| |||| 00| 0 ukr d
100 _aRae
700 _aWilliam E.
942 _cBK
040 _aUA-OsUOA
_cUA-OsUOA
_dUA-OsUOA
245 _aA treasury of outdoor life.
_bFiction
955 _a2
650 7 _2UDC
999 _c288864
_d288864